Statistics for Mandarin Food Words

Click here to take the quiz!

General Stats

  • This quiz has been taken 62 times
    (59 since last reset)
  • The average score is 15 of 21

Answer Stats

FoodAnswer% Correct
茶 (chá)Tea
94%
苹果 (píngguǒ)Apple
90%
咖啡 (kāfēi)Coffee
90%
面 (miàn)Noodles
88%
水 (shuǐ)Water
88%
米饭 (mǐfàn)Rice
86%
牛奶 (niúnǎi)Milk
84%
鱼 (yú)Fish
82%
鸡肉 (jīròu)Chicken
78%
牛肉 (niúròu)Beef
76%
猪肉 (zhūròu)Pork
73%
西瓜 (xīguā)Watermelon
73%
羊肉 (yáng ròu)Mutton
65%
香蕉 (xiāngjiāo)Banana
63%
包子 (bāozi)Bun
63%
鸭肉 (yāròu)Duck
57%
橙子 (chéngzǐ)Orange
47%
梨 (lí)Pear
47%
桃 (táo)Peach
45%
菠萝 (bōluó)Pineapple
43%
春卷 (chūnjuǎn)Spring rolls
31%

Score Distribution

Percentile by Number Answered

Percent of People with Each Score

Your Score History

You have not taken this quiz since the last reset